El Apoyo a las iniciativas empresarias de los pobres: experiencias en el Istmo y la República Dominicana /
Salvato in:
| Enti autori: | , |
|---|---|
| Natura: | testo |
| Pubblicazione: |
México, D.F.:
CEPAL
|
| Tags: |
Aggiungi Tag
Nessun Tag, puoi essere il primo ad aggiungerne!!
|
MARC
| LEADER | 00000 a a2200000 04500 | ||
|---|---|---|---|
| 001 | 25405 | ||
| 003 | |||
| 040 | |||
| 090 | |a 181700 | ||
| 110 | |a NU | ||
| 245 | |a El Apoyo a las iniciativas empresarias de los pobres: experiencias en el Istmo y la República Dominicana / |c NU | ||
| 260 | |a México, D.F.: |b CEPAL | ||
| 300 | |a 91 p | ||
| 710 | |a CEPAL | ||
| 999 | |c 6382 |d 6382 | ||
